Internationalisation of Companies and its Reflection in Economic Relations

Požiadavky a nové výzvy, ktorým čelia manažéri a zamestnanci nadnárodných spoločností v medzinárodnom prostredí. Globalizácia a internacionalizácia podnikov, teoretický základ témy, názory rôznych autorov.

Saved in:
Bibliographic Details
Main Author: Helmová, Milena, 1954-
Other Authors: Hrivíková, Tatiana, 1959-
Format: Book Chapter
Language:English
Subjects:
Tags: Add Tag
No Tags, Be the first to tag this record!

MARC

LEADER 00000naa$a2200000$$$4500
001 0252239
005 20240930100619.8
041 0 |a eng 
044 |a SK 
245 1 0 |a Internationalisation of Companies and its Reflection in Economic Relations  |c Milena Helmová, Tatiana Hrivíková 
520 |a Požiadavky a nové výzvy, ktorým čelia manažéri a zamestnanci nadnárodných spoločností v medzinárodnom prostredí. Globalizácia a internacionalizácia podnikov, teoretický základ témy, názory rôznych autorov. 
610 2 0 |a globalizácia 
610 2 0 |a internacionalizácia ekonomiky 
610 2 0 |a korporácie transnacionálne 
610 2 0 |a podnik medzinárodný 
610 2 0 |a manažment 
610 2 0 |a komunikácia interkultúrna 
100 1 |a Helmová, Milena, 1954- 
700 1 |a Hrivíková, Tatiana, 1959-